000 00386 a2200169 4500
001 69983
020 _a8508076800
040 _cAnchieta - Itaigara
100 _aPaes, José Paulo
240 1 0 _aVejam como eu sei escrever
_lpor
245 1 0 _aVejam como eu sei escrever
300 _a31
362 0 _a2001
440 1 _aÁtica
650 4 _aLiteratura infanto-juvenil
942 _cBK
999 _c69983
_d69983